Science Fiction by Letter: J - Statistics

General Stats
  • This quiz has been taken 47 times
  • The average score is 11 of 15
Answer Stats
Hint Answer % Correct
This 1981 children's picture book about a mysterious board game spawned a film franchize that has starred such big names as Robin Williams and The Rock. Jumanji
98%
The were the guardians of peace and justice in the old republic, before the dark times. Before the Empire. Jedi
93%
Lost World author Verne's first name. Jules
91%
This novel by Michael Chrichton was turned into a blockbuster movie by Steven Spielberg, which in turn spawned a franchize that continues to this day. Jurassic Park
91%
He (it?) is a sluglike galactic gangster who lived on Tatooine. Jabba the Hutt
86%
The gas giant that in 2001 the second, much larger monolith was orbiting. Jupiter
84%
This 1864 novel by J. Verne followed a team of explorers as the travelled down through the Earth's crust to find a whole new world existing in the core. Journey to the Center of the Earth
81%
The soft reboot of the above, starring Chris Pratt and Bryce Dallas Howard changed its name slightly to this. Jurassic World
81%
He is possibly the most hated character in the entire Star Wars canon. Jar Jar Binks
77%
They are like the Flintstones, but in the future. The Jetsons
77%
This Marvel super hero gained super human strength from some mad science, and her own show on Netflix starring Jesse's girlfriend (actress Krysten Ritter.) Jessica Jones
56%
This Edgar Rice Burroughs character was a civil war veteran who travelled to Mars. John Carter
53%
Who was the captian of the starship Voyager? Kathryn Janeway
47%
This 2015 space opera was written and directed by the Wachowskis and starred Mila Kunis. Jupiter Ascending
40%
Agent K's hologram girlfriend in Blade Runner 2049 Joi
5%
No matching quizzes found
Score Distribution
Percent of People with Each Score
Percentile by Number Answered
Your Score History
You have not taken this quiz